| 000 | 00642nam a2200217 i 4500 | ||
|---|---|---|---|
| 001 | bg | ||
| 245 | 0 | 0 |
_aKatalog ulic województwa zachodniopomorskiego / _c[oprac. zespół Anna Pazdan et al.] ; Urząd Statystyczny w Szczecinie. |
| 260 |
_aSzczecin : _bUS, _c1999. |
||
| 300 |
_a441 s. ; _c24 cm. |
||
| 650 | 9 |
_aUlice _zPolska |
|
| 651 | 9 | _aZachodniopomorskie, województwo | |
| 655 | _aSpisy | ||
| 655 | _aInformatory | ||
| 700 | 1 |
_aPAZDAN, Anna. _eOprac. |
|
| 710 | 0 | _aUrząd Statystyczny (Szczecin) | |
| 040 | _cBPK | ||
| 041 | 0 | _apl | |
| 080 | _a913(438-35)(058)A/Z | ||
| 942 | _cKA | ||
| 008 | s pl f |000 0 pol | ||
| 999 |
_c24273 _d24273 |
||
| 856 |
_uhttp://koha.tu.koszalin.pl/cgi-bin/koha/opac-detail.pl?biblionumber=24273 _yKatalog online BPK |
||